[Event "Richardson UTD schev"]
[Site "Richardson"]
[Date "2012.03.14"]
[Round "7"]
[White "Kacheishvili, Giorgi"]
[Black "Holt, Conrad"]
[Result "0-1"]
[WhiteElo "2612"]
[BlackElo "2499"]
[PlyCount "70"]
[EventDate "2012.03.10"]
[EventType "schev"]
[EventRounds "10"]
[EventCountry "USA"]
[SourceTitle "CBM 147 Extra"]
[Source "ChessBase"]
[SourceDate "2012.04.24"]
[SourceVersion "1"]
[SourceVersionDate "2012.04.24"]
[SourceQuality "1"]
[WhiteTeam "Grandmasters"]
[BlackTeam "Dallas UT"]
[WhiteTeamCountry "USA"]
[BlackTeamCountry "USA"]

1. Nf3 d5 2. g3 Bg4 3. Bg2 Nd7 4. 0-0 e6 5. d3 Ngf6 6. h3 Bh5 7. c4 c6 8. cxd5 cxd5 9. Nc3 Be7 10. Qb3 0-0 11. Be3 b6 12. Nd4 Bc5 13. f4 b5 14. Bf2 Qb6 15. e3 Bxd4 16. exd4 b4 17. Na4 Qb5 18. Rfe1 Rfc8 19. Bf1 a5 20. Rac1 Nb6 21. Nc5 a4 22. Qc2 b3 23. axb3 axb3 24. Qd2 Na4 25. Ra1 Bg6 26. Rec1 Nd7 27. g4 h6 28. Be2 Naxc5 29. Rxa8 Rxa8 30. dxc5 Nb8 31. Qc3 Nc6 32. Bd4 Ra4 33. Be5 f6 34. Bd6 Nd4 35. Bf1 Nf3+ 0-1